000 00899nam a22002657a 4500
001 1384
005 20231204114005.0
020 _a0590425862
040 _aDLC
_cDLC
_eamim
_beng
050 0 0 _aPE1689.H45
082 _a428.1
100 _aHeller, Ruth
245 0 2 _aA cache of jewels and other collective nouns /
_cby Ruth Heller
250 _aFirst Scholastic printing , April 1989
260 _c1990
_aNew York :
_bScholastic,
300 _a42 unnumbered pages :
_c21 cm
_bColor illustrations
500 _aCopyright: PUB 1Mar90; PA544-919.
500 _aReference source used: copyright data sheet.
505 _aH
520 _aRhyming text and illustrations introduce a variety of collective nouns such as a "drift of swans" and a "clutch of eggs."
521 _a530
_bLexile
521 _aH
_bRaz-Plus
906 _a0
_bibc
_corignew
_du
_encip
_f19
_gy-movingim
942 _2ddc
_cBK
_n0
999 _c1384
_d1384